| 000 | 00722nam a22002297a 4500 | ||
|---|---|---|---|
| 003 | DO-SdBNP | ||
| 005 | 20210806140911.0 | ||
| 008 | 210714b 2018 dr 00| 0 eng d | ||
| 020 | _a9789945609295 | ||
| 040 |
_aDO-SdBNP _bspa _cBNPHU |
||
| 082 | 4 |
_222 _aRD861.5 _bP397a |
|
| 100 | 1 |
_aPeña Solano, Lauristely _979218 |
|
| 245 | 1 | 0 |
_aAbyecta / _cLauristely Peña Solano. |
| 260 |
_aSanto Domingo : _bSantuario, _c2018. |
||
| 300 |
_a63 p. ; _c23 cm. |
||
| 500 | _a"Imagen de portada: 'La noche y los cucuyos' (pintura), Iris Pérez Romero" | ||
| 590 | _aInventariado, 2021 | ||
| 650 |
_aPoesía dominicana _979423 |
||
| 650 |
_aLiteratura dominicana _979424 |
||
| 910 | _aValidado. Control de calidad MFF | ||
| 942 |
_2ddc _cLBS1 |
||
| 999 |
_c50104 _d50104 |
||